Estudios y trabajos anteproyecto Dique Valcheta, Pcia. de Río Negro /

Guardado en:
Autor Principal: Castelnuovo, Mario J.
Formato: Libro
Idioma:Spanish
Publicado: Bahía Blanca : Universidad nacional del Sur, 1973.
Series:Trabajo final de carrera
Etiquetas: Agregar Etiqueta
Sin Etiquetas, Sea el primero en etiquetar este registro!
LEADER 00562nam a22001575a 4500
001 EUN.um057292
003 AR-BaUNS
005 20050623122925.0
008 041125s1973####ag#a##########000#0#spa#d
245 1 0 |a Estudios y trabajos anteproyecto Dique Valcheta, Pcia. de Río Negro /  |c Mario J. Castelnuovo. 
260 |a Bahía Blanca :  |b Universidad nacional del Sur,  |c 1973. 
300 |a 2 v. :  |b ilus. ;  |c 34,5 cm. . 
490 0 |a Trabajo final de carrera 
100 1 |a Castelnuovo, Mario J. 
082 0 4 |a 627.8F 
859 |a Ar-BaUNS  |b BIB. CENTRAL - Sector C  |h 627.8  |i C277  |k F  |p 86476/981  |v v.1